[Event "Rio de Janeiro op 3rd"]
[Site "Rio de Janeiro"]
[Date "2024.04.24"]
[Round "4"]
[White "Rovedo, Salomao"]
[Black "Fonseca, Luis Ernesto Serra"]
[Result "0-1"]
[WhiteElo "1748"]
[BlackElo "2018"]
[PlyCount "78"]
[EventDate "2024.04.22"]
[EventType "swiss"]
[EventRounds "9"]
[EventCountry "BRA"]
[SourceTitle "CB18_2024"]
[SourceDate "2024.05.01"]
[SourceVersion "1"]
[SourceVersionDate "2024.05.01"]
[SourceQuality "2"]

1. d4 Nf6 2. Bg5 e6 3. Bxf6 Qxf6 4. e3 d5 5. Qf3 Be7 6. Qxf6 Bxf6 7. Nf3 c5 8. Bb5+ Bd7 9. Nc3 Nc6 10. Bxc6 bxc6 11. 0-0 cxd4 12. exd4 c5 13. dxc5 Rc8 14. Ne2 Bxb2 15. Rab1 Ba3 16. Rb7 Bxc5 17. Ne5 Rd8 18. Rfb1 Bb6 19. a4 f6 20. a5 fxe5 21. axb6 axb6 22. R1xb6 Rf8 23. f3 Ke7 24. Rb3 Rc8 25. Rb2 Rc4 26. Ra7 Kd6 27. c3 g5 28. Rbb7 Rf7 29. Ra6+ Rc6 30. Ra2 Rc7 31. Rb6+ Ke7 32. Rb4 Kf6 33. Ng3 Rf8 34. Rb6 Rfc8 35. Ne2 Be8 36. g4 Bg6 37. Raa6 Re7 38. Rd6 Bd3 39. Kf2 Bxa6 0-1

[Event "Pelotas Gaucho op"]
[Site "Pelotas"]
[Date "2023.10.15"]
[Round "6"]
[White "Pereira, Armando Scharlau"]
[Black "Fonseca, Luis Ernesto Serra"]
[Result "0-1"]
[WhiteElo "1535"]
[BlackElo "1997"]
[PlyCount "82"]
[EventDate "2023.10.12"]
[EventType "swiss"]
[EventRounds "7"]
[EventCountry "BRA"]
[SourceTitle "Mega2024 Update 01"]
[Source "Chessbase"]
[SourceDate "2023.11.12"]
[SourceVersion "1"]
[SourceVersionDate "2023.11.12"]
[SourceQuality "1"]

1. d4 Nf6 2. c4 e6 3. Nf3 d5 4. a3 dxc4 5. Nc3 c6 6. e4 b5 7. Bg5 h6 8. Bf4 Bb7 9. Be2 Be7 10. h4 Nbd7 11. Qc2 a6 12. Rd1 Nb6 13. Ne5 Bd6 14. Nxf7 Kxf7 15. e5 Nbd5 16. Bc1 Be7 17. exf6 Nxf6 18. h5 Qc7 19. Qg6+ Kf8 20. Rh3 c5 21. dxc5 Bxc5 22. Rg3 Qf7 23. Qxf7+ Kxf7 24. Bf4 Rad8 25. Bc7 Rxd1+ 26. Bxd1 Rc8 27. Be5 Rd8 28. Bc2 Bd4 29. Bg6+ Kf8 30. f4 Rd7 31. Ke2 Bc6 32. Bxd4 Rxd4 33. Re3 Ke7 34. f5 Rd6 35. g3 Ng4 36. Rxe6+ Rxe6+ 37. fxe6 Kxe6 38. Ne4 a5 39. Nd2 Ne5 40. Be4 Be8 41. g4 Nxg4 0-1

[Event "Rio de Janeiro Duchamp op 4th"]
[Site "Rio de Janeiro"]
[Date "2022.12.13"]
[Round "8"]
[White "Fonseca, Luis Ernesto Serra"]
[Black "Rodi, Luis Ernesto"]
[Result "0-1"]
[WhiteElo "1953"]
[BlackElo "2303"]
[PlyCount "76"]
[EventDate "2022.12.07"]
[EventType "swiss"]
[EventRounds "9"]
[EventCountry "BRA"]
[SourceTitle "EXT 2024"]
[Source "ChessBase"]
[SourceDate "2023.10.10"]
[SourceVersion "1"]
[SourceVersionDate "2023.10.10"]
[SourceQuality "1"]

1. e4 e5 2. Nf3 Nc6 3. Bb5 a6 4. Ba4 Nge7 5. 0-0 g6 6. c3 Bg7 7. d3 0-0 8. Re1 d6 9. Nbd2 h6 10. Nf1 f5 11. h3 Kh7 12. N3h2 f4 13. Nf3 Bf6 14. d4 Bd7 15. b4 g5 16. b5 axb5 17. Bxb5 Qe8 18. N1h2 h5 19. dxe5 dxe5 20. Nd2 Be6 21. a4 Rg8 22. Bc4 Bxc4 23. Nxc4 Rd8 24. Qe2 Qg6 25. f3 Rg7 26. a5 Ra8 27. Ba3 Ng8 28. Ra2 Nh6 29. Bc5 Qf7 30. Rd1 Qe6 31. Rb2 Nxa5 32. Nxa5 Rxa5 33. Bf8 Rd7 34. Rxb7 Nf7 35. Nf1 Ra2 36. Qxa2 Qxa2 37. Rxd7 Bd8 38. Be7 Qe6 0-1

[Event "Rio de Janeiro Duchamp op 4th"]
[Site "Rio de Janeiro"]
[Date "2022.12.10"]
[Round "5"]
[White "Becker, Rogerio Sperb"]
[Black "Fonseca, Luis Ernesto Serra"]
[Result "1-0"]
[WhiteElo "2135"]
[BlackElo "1953"]
[PlyCount "62"]
[EventDate "2022.12.07"]
[EventType "swiss"]
[EventRounds "9"]
[EventCountry "BRA"]
[SourceTitle "CBM 211 Extra"]
[Source "ChessBase"]
[SourceDate "2023.01.31"]
[SourceVersion "1"]
[SourceVersionDate "2023.01.31"]
[SourceQuality "1"]

1. c4 c5 2. g3 g6 3. Bg2 Nf6 4. Nf3 Nc6 5. 0-0 d6 6. Nc3 Bg7 7. a3 0-0 8. Rb1 Rb8 9. b4 Bd7 10. d3 a6 11. b5 axb5 12. cxb5 Nd4 13. Nxd4 cxd4 14. Nd5 Nxd5 15. Bxd5 e6 16. Bg2 d5 17. Bd2 b6 18. Qb3 Ra8 19. a4 Qb8 20. Rfc1 Rc8 21. Bf4 Qb7 22. Rxc8+ Bxc8 23. Rc1 Bf8 24. Rc2 Bd7 25. e4 dxe3 26. Bxe3 Qa7 27. f3 Bg7 28. f4 Bf6 29. Ra2 Rc8 30. Qd1 Bd8 31. Bf3 Kg7 1-0

[Event "Rio de Janeiro Duchamp op 4th"]
[Site "Rio de Janeiro"]
[Date "2022.12.10"]
[Round "4"]
[White "Fonseca, Luis Ernesto Serra"]
[Black "Fernandez, Maria Florencia"]
[Result "1/2-1/2"]
[WhiteElo "1953"]
[BlackElo "2196"]
[PlyCount "43"]
[EventDate "2022.12.07"]
[EventType "swiss"]
[EventRounds "9"]
[EventCountry "BRA"]
[SourceTitle "CBM 211 Extra"]
[Source "ChessBase"]
[SourceDate "2023.01.31"]
[SourceVersion "1"]
[SourceVersionDate "2023.01.31"]
[SourceQuality "1"]

1. e4 d6 2. d4 Nf6 3. Nc3 g6 4. Nf3 Bg7 5. Be2 0-0 6. 0-0 Nc6 7. h3 e5 8. dxe5 Nxe5 9. Nxe5 dxe5 10. Be3 c6 11. Qxd8 Rxd8 12. Rfd1 Re8 13. Rd6 Be6 14. a3 Nd7 15. Bg4 Nf8 16. Rad1 h5 17. Be2 Bf6 18. Bh6 Be7 19. Bxf8 Bxf8 20. Rxe6 Rxe6 21. Bc4 Ree8 22. Rd7 1/2-1/2

[Event "Rio de Janeiro Duchamp op 4th"]
[Site "Rio de Janeiro"]
[Date "2022.12.09"]
[Round "3"]
[White "Piasetski, Leon David"]
[Black "Fonseca, Luis Ernesto Serra"]
[Result "1/2-1/2"]
[WhiteElo "2198"]
[BlackElo "1953"]
[PlyCount "111"]
[EventDate "2022.12.07"]
[EventType "swiss"]
[EventRounds "9"]
[EventCountry "BRA"]
[SourceTitle "CBM 211 Extra"]
[Source "ChessBase"]
[SourceDate "2023.01.31"]
[SourceVersion "1"]
[SourceVersionDate "2023.01.31"]
[SourceQuality "1"]

1. c4 c5 2. Nf3 g6 3. d4 cxd4 4. Nxd4 Nf6 5. Nc3 Nc6 6. e4 d6 7. Be2 Nxd4 8. Qxd4 Bg7 9. Be3 0-0 10. Qd2 Be6 11. Rc1 Qa5 12. f3 Rfc8 13. b3 a6 14. g4 b5 15. g5 Nd7 16. Nd5 Qxd2+ 17. Kxd2 Bxd5 18. cxd5 Bb2 19. Rxc8+ Rxc8 20. Rb1 Bc3+ 21. Kd1 Bg7 22. a4 Rb8 23. axb5 axb5 24. b4 Nb6 25. Rc1 Na4 26. Bd2 Bd4 27. Rc7 Kf8 28. Kc2 Ke8 29. Kb3 Kd8 30. Rc2 Nb6 31. h4 Na8 32. f4 Nc7 33. Ra2 Rb7 34. h5 Ra7 35. Rxa7 Bxa7 36. Kc3 Ke8 37. Kd3 Kf8 38. Bc3 Bf2 39. Bg4 Bg1 40. hxg6 hxg6 41. Bd7 Bf2 42. Ke2 Bg1 43. Kf3 Bb6 44. Bc6 Bg1 45. e5 Bb6 46. Ke4 Bf2 47. Bd2 Bg1 48. Be1 Bb6 49. Bc3 Bf2 50. e6 fxe6 51. dxe6 Nxe6 52. Bxb5 Nc7 53. Bc6 Bb6 54. b5 Ba7 55. Ba5 Bb8 56. Bb4 1/2-1/2

[Event "Florianopolis op 4th"]
[Site "Florianopolis"]
[Date "2018.01.20"]
[Round "3"]
[White "Fonseca, Luis Ernesto Serra"]
[Black "Goncalves, Davi Sulzbacher"]
[Result "0-1"]
[WhiteElo "1987"]
[BlackElo "2174"]
[PlyCount "50"]
[EventDate "2018.01.19"]
[EventType "swiss"]
[EventRounds "10"]
[EventCountry "BRA"]
[SourceTitle "EXT 2019"]
[Source "ChessBase"]
[SourceDate "2018.10.10"]
[SourceVersion "1"]
[SourceVersionDate "2018.10.10"]
[SourceQuality "1"]

1. e4 c5 2. Nf3 Nc6 3. d4 cxd4 4. Nxd4 Nf6 5. Nc3 e5 6. Ndb5 d6 7. Bg5 a6 8. Na3 b5 9. Bxf6 gxf6 10. Nd5 f5 11. Bd3 Be6 12. 0-0 Bxd5 13. exd5 Ne7 14. c4 Bg7 15. Rb1 e4 16. Be2 0-0 17. cxb5 axb5 18. Qb3 b4 19. Nc2 f4 20. Nxb4 Nf5 21. Qh3 Nd4 22. Rfe1 Qg5 23. f3 f5 24. fxe4 fxe4 25. Nc6 f3 0-1

[Event "Florianopolis op 4th"]
[Site "Florianopolis"]
[Date "2018.01.20"]
[Round "2"]
[White "Tasoko, Toshinobu"]
[Black "Fonseca, Luis Ernesto Serra"]
[Result "0-1"]
[WhiteElo "1719"]
[BlackElo "1987"]
[PlyCount "46"]
[EventDate "2018.01.19"]
[EventType "swiss"]
[EventRounds "10"]
[EventCountry "BRA"]
[SourceTitle "CBM 182 Extra"]
[Source "ChessBase"]
[SourceDate "2018.02.23"]
[SourceVersion "1"]
[SourceVersionDate "2018.02.23"]
[SourceQuality "1"]

1. e4 e5 2. Nf3 Nc6 3. d4 exd4 4. Nxd4 Bc5 5. Be3 Qf6 6. c3 Nge7 7. Qd2 0-0 8. Bc4 Ne5 9. Be2 Qg6 10. f4 Ng4 11. f5 Qh5 12. g3 Qh3 13. Bf1 Qh5 14. Qe2 Bxd4 15. cxd4 Nxf5 16. exf5 Re8 17. Qd2 Nxe3 18. Be2 Qxf5 19. Na3 b6 20. Rc1 Ba6 21. Bxa6 Nc4+ 22. Kd1 Nxd2 23. Kxd2 Qa5+ 0-1

[Event "BRA-ch Amateur U2200"]
[Site "Sao Paulo"]
[Date "2017.10.14"]
[Round "5"]
[White "De Sousa, Matheus Mazim"]
[Black "Fonseca, Luis Ernesto Serra"]
[Result "1-0"]
[WhiteElo "2120"]
[BlackElo "2000"]
[PlyCount "73"]
[EventDate "2017.10.12"]
[EventType "swiss"]
[EventRounds "7"]
[EventCountry "BRA"]
[SourceTitle "EXT 2019"]
[Source "ChessBase"]
[SourceDate "2018.10.10"]
[SourceVersion "1"]
[SourceVersionDate "2018.10.10"]
[SourceQuality "1"]

1. d4 Nf6 2. c4 e6 3. Nf3 d5 4. Nc3 Be7 5. e3 0-0 6. Bd3 b6 7. e4 dxe4 8. Nxe4 Bb7 9. Qe2 Nc6 10. Be3 Nb4 11. Nxf6+ Bxf6 12. Bb1 Qd6 13. a3 Nc6 14. 0-0 Rad8 15. Rd1 Na5 16. Bd3 Bxf3 17. Qxf3 Qd7 18. Rab1 Nc6 19. d5 Ne5 20. Qe4 Nxd3 21. Qxd3 exd5 22. cxd5 c6 23. d6 Be5 24. Rd2 Rfe8 25. Rbd1 Re6 26. g3 Bxb2 27. Rxb2 Rxd6 28. Qxd6 Qxd6 29. Rxd6 Rxd6 30. Rd2 Rxd2 31. Bxd2 Kf8 32. Kf1 Ke7 33. Ke2 Kd6 34. Kd3 Kc5 35. a4 b5 36. Be3+ Kb4 37. axb5 1-0

[Event "Florianopolis zt 2.4"]
[Site "Florianopolis"]
[Date "2017.05.01"]
[Round "9"]
[White "Fonseca, Luis Ernesto Serra"]
[Black "Condori Aranya, Edwin"]
[Result "0-1"]
[WhiteElo "1990"]
[BlackElo "2138"]
[PlyCount "92"]
[EventDate "2017.04.26"]
[EventType "swiss"]
[EventRounds "9"]
[EventCountry "BRA"]
[SourceTitle "CBM 178 Extra"]
[Source "ChessBase"]
[SourceDate "2017.06.22"]
[SourceVersion "1"]
[SourceVersionDate "2017.06.22"]
[SourceQuality "1"]

1. e4 d6 2. d4 g6 3. Nf3 Bg7 4. Bc4 Nf6 5. Nc3 0-0 6. 0-0 Bg4 7. h3 Bxf3 8. Qxf3 Nc6 9. Rd1 e5 10. d5 Nd4 11. Qd3 Nd7 12. Be3 Nc5 13. Qd2 f5 14. exf5 gxf5 15. f4 Kh8 16. Rf1 Qd7 17. Rad1 a6 18. fxe5 dxe5 19. Bxd4 exd4 20. Ne2 b5 21. Bb3 a5 22. c3 d3 23. Nf4 a4 24. Ne6 Nxe6 25. dxe6 Qd6 26. e7 Qxe7 27. Qxd3 axb3 28. axb3 Qc5+ 29. Kh1 Rad8 30. Qxd8 Rxd8 31. Rxd8+ Bf8 32. b4 Qe7 33. Rfd1 Kg8 34. Kg1 Qe3+ 35. Kf1 Kf7 36. R8d7+ Kg6 37. R7d3 Qf4+ 38. Rf3 Qc4+ 39. Kg1 Bd6 40. Rdf1 Qd5 41. Kh1 Qe5 42. g3 Qe4 43. Kg2 h5 44. R1f2 h4 45. Rd2 Kh5 46. Rd4 Qe2+ 0-1

[Event "Florianopolis zt 2.4"]
[Site "Florianopolis"]
[Date "2017.04.30"]
[Round "8"]
[White "Zimmermann, Kleber Renato P"]
[Black "Fonseca, Luis Ernesto Serra"]
[Result "0-1"]
[WhiteElo "1961"]
[BlackElo "1990"]
[PlyCount "94"]
[EventDate "2017.04.26"]
[EventType "swiss"]
[EventRounds "9"]
[EventCountry "BRA"]
[SourceTitle "CBM 178 Extra"]
[Source "ChessBase"]
[SourceDate "2017.06.22"]
[SourceVersion "1"]
[SourceVersionDate "2017.06.22"]
[SourceQuality "1"]

1. d4 Nf6 2. c4 e6 3. a3 d5 4. Nc3 dxc4 5. e3 c5 6. Bxc4 cxd4 7. exd4 Be7 8. Nf3 0-0 9. 0-0 Nbd7 10. Bg5 h6 11. Bh4 a6 12. Ba2 b5 13. Qe2 Bb7 14. Rfe1 Re8 15. Rad1 Qa5 16. Ne5 Bxa3 17. bxa3 Qxc3 18. Nxd7 Nxd7 19. Rd3 Qc7 20. Bg3 Qd8 21. Qg4 Nf6 22. Qh4 Rc8 23. Be5 Nd7 24. Qxd8 Rexd8 25. Bd6 Nb6 26. Bb4 Bd5 27. Ba5 Rc6 28. Bb1 Rdc8 29. Rdd1 Bb3 30. Be4 Bxd1 31. Bxc6 Rxc6 32. Rxd1 Nd5 33. g3 Rc4 34. Rd3 Kf8 35. Kf1 Ke7 36. Ke2 Kd6 37. Kd2 Kc6 38. Kd1 Nf6 39. f3 Kd5 40. Bc3 Nd7 41. Kd2 Nb6 42. Ba5 Na4 43. Ke3 Nb2 44. Rd2 Ra4 45. Rxb2 Rxa3+ 46. Kf4 Rxa5 47. Rc2 b4 0-1

[Event "Florianopolis zt 2.4"]
[Site "Florianopolis"]
[Date "2017.04.29"]
[Round "6"]
[White "Trois, Francisco R Torres"]
[Black "Fonseca, Luis Ernesto Serra"]
[Result "1-0"]
[WhiteElo "2205"]
[BlackElo "1990"]
[PlyCount "77"]
[EventDate "2017.04.26"]
[EventType "swiss"]
[EventRounds "9"]
[EventCountry "BRA"]
[SourceTitle "CBM 178 Extra"]
[Source "ChessBase"]
[SourceDate "2017.06.22"]
[SourceVersion "1"]
[SourceVersionDate "2017.06.22"]
[SourceQuality "1"]

1. c4 c5 2. Nf3 g6 3. Nc3 Nc6 4. e3 Nf6 5. d4 cxd4 6. exd4 d5 7. Bg5 Ne4 8. cxd5 Nxc3 9. bxc3 Qxd5 10. Be2 Bg7 11. 0-0 0-0 12. Qb3 Qd6 13. Rad1 b6 14. Nd2 Be6 15. Qb2 Bd5 16. Bf3 Bxf3 17. Nxf3 Na5 18. Qb4 f6 19. Bh4 Rac8 20. Rfe1 Rc4 21. Qb2 Rfc8 22. Bg3 Qd7 23. Re3 Bh6 24. Red3 Qd5 25. Nd2 R4c6 26. Qb4 e5 27. f3 R8c7 28. Ne4 Bf8 29. Qb2 Nc4 30. Qe2 Qb5 31. d5 Rc5 32. Nxf6+ Kf7 33. Nxh7 Bh6 34. h4 Nb2 35. Qxe5 Re7 36. Qf6+ Ke8 37. d6 Be3+ 38. Rxe3 Rxe3 39. d7+ 1-0

[Event "Florianopolis op 3rd"]
[Site "Florianopolis"]
[Date "2017.01.26"]
[Round "10"]
[White "Fonseca, Luis Ernesto Serra"]
[Black "Guimaraes, Wagner Peixoto"]
[Result "0-1"]
[WhiteElo "1976"]
[BlackElo "2172"]
[PlyCount "64"]
[EventDate "2017.01.20"]
[EventType "swiss"]
[EventRounds "10"]
[EventCountry "BRA"]
[SourceTitle "CBM 176 Extra"]
[Source "ChessBase"]
[SourceDate "2017.03.02"]
[SourceVersion "1"]
[SourceVersionDate "2017.03.02"]
[SourceQuality "1"]

1. e4 g6 2. d4 Bg7 3. Nf3 c6 4. Bd3 d5 5. exd5 cxd5 6. c3 Nc6 7. 0-0 Nh6 8. Re1 f6 9. Nbd2 0-0 10. Nf1 Nf7 11. Bc2 Kh8 12. a4 e5 13. b4 Bg4 14. b5 Na5 15. Ne3 Be6 16. Ba3 Re8 17. Bb4 b6 18. Bxa5 bxa5 19. dxe5 fxe5 20. Bb3 d4 21. Bxe6 Rxe6 22. Qb3 Re7 23. Nd5 Rd7 24. c4 Rc8 25. Rac1 e4 26. Nd2 Nd6 27. Nxe4 Nxe4 28. Rxe4 Rxd5 29. Rce1 Rdc5 30. Qh3 d3 31. Qe3 Rxc4 32. g3 Rxe4 0-1